00516nam a2200157 a 450000500170000000800410001702000180005805000270007610000160010324500340011926000350015330000080018865000280019699900190022495201150024320140414131845.0110310s19uu xx 00 eng d a9781400314645 aM 220.9'505bE522 2009 aEllis, Gwen aRead and share toddler Bible. aChina :bThomas Nelson,c2009. a191 aBible stories, English. c109912d109912 001040aMUbMUcMd2013-03-10eRplcemntl0oM 220.9'505 E522 2009pM0111r2014-04-14 00:00:00w2014-04-14yBK